00338nam a2200133Ia 4500003000400000005001700004008004100021040000900062082001900071100001400090245004700104260004400151300000900195OSt20200702115818.0190216s9999||||xx |||||||||||||| ||und|| coclc a915.404bKAU/T aKaul, H K 0aTravellers` India An Anthology /cH K Kaul bOxford University Press,c1980.aDelhi: a535p